Oscar-nominated actresses - Statistics

General Stats
  • This quiz has been taken 90 times
    36 since last reset
  • The average score is 177 of 500
Answer Stats
Nominations Actress % Correct
5 (Birdman or (The Unexpected Virtue of Ignorance); La La Land; The Favourite; Poor Things; Bugonia) Emma Stone
94%
21 (The Deer Hunter; Kramer vs. Kramer; The French Lieutenant's Woman; Sophie's Choice; Silkwood; Out of Africa; Ironweed; A Cry in the Dark; Postcards from the Edge; The Bridges of Madison County; One True Thing; Music of the Heart; Adaptation; Devil Wears Prada; Doubt; Julie & Julia; The Iron Lady; August: Osage County; Into the Woods; Florence Foster Jenkins; The Post) Meryl Streep
94%
1 (Casino) Sharon Stone
94%
8 (Elizabeth; The Aviator; Notes on a Scandal; Elizabeth: The Golden Age; I'm Not There; Blue Jasmine; Carol; Tár) Cate Blanchett
89%
1 (The Substance) Demi Moore
89%
4 (Winter's Bone; Silver Linings Playbook; American Hustle; Joy) Jennifer Lawrence
89%
5 (Taxi Driver; The Accused; The Silence of the Lambs; Nell; Nyad) Jodie Foster
89%
5 (Boogie Nights; The End of the Affair; Far from Heaven; The Hours; Still Alice) Julianne Moore
89%
5 (Roman Holiday; Sabrina; The Nun's Story; Breakfast at Tiffany's; Wait Until Dark) Audrey Hepburn
83%
11 (Of Human Bondage*[write-in]; Dangerous; Jezebel; Dark Victory; The Letter; The Little Foxes; Now, Voyager; Mr. Skeffington; All About Eve; The Star; What Ever Happened to Baby Jane?) Bette Davis
83%
1 (Chicago) Catherine Zeta-Jones
83%
5 (Raintree Country; Cat on a Hot Tin Roof; Suddenly, Last Summer; BUtterfield 8; Who's Afraid of Virginia Woolf?) Elizabeth Taylor
83%
2 (The Accidental Tourist; Thelma & Louise) Geena Davis
83%
1 (One Night of Love) Grace Moore
83%
1 (Shakespeare in Love) Gwyneth Paltrow
83%
1 (Monster's Ball) Halle Berry
83%
1 (Imitation of Life) Juanita Moore
83%
2 (A Passage to India; Husbands and Wives) Judy Davis
83%
2 (Almost Famous; Song Sung Blue) Kate Hudson
83%
7 (Sense and Sensibility; Titanic; Iris; Eternal Sunshine of the Spotless Mind; Little Children; The Reader; Steve Jobs) Kate Winslet
83%
12 (Morning Glory; Alice Adams; The Philadelphia Story; Woman of the Year; The African Queen; Summertime; The Rainmaker; Suddenly, Last Summer; Long Day's Journey into Night; Guess Who's Coming to Dinner; The Lion in Winter; On Golden Pond) Katharine Hepburn
83%
1 (Ordinary People) Mary Tyler Moore
83%
1 (Come Back, Little Sheba) Terry Moore
83%
4 (Doubt; The Help; Fences; Ma Rainey's Black Bottom) Viola Davis
83%
2 (The Color Purple; Ghost) Whoopi Goldberg
83%
6 (Junebug; Doubt; The Fighter; The Master; American Hustle; Vice) Amy Adams
78%
1 (King Richard) Aunjanue Ellis-Taylor
78%
2 (Funny Girl; The Way We Were) Barbra Streisand
78%
1 (The Bachelor Party) Carolyn Jones
78%
3 (Monster; North Country; Bombshell) Charlize Theron
78%
4 (Annie Hall; Reds; Marvin's Room; Something's Gotta Give) Diane Keaton
78%
2 (The Theory of Everything; The Brutalist) Felicity Jones
78%
6 (Mississippi Burning; Fargo; Almost Famous; North Country; Three Billboards Outside Ebbing, Missouri; Nomadland) Frances McDormand
78%
1 (Psycho) Janet Leigh
78%
1 (Dreamgirls) Jennifer Hudson
78%
1 (The Hateful Eight) Jennifer Jason Leigh
78%
5 (The Song of Bernadette; Since You Went Away; Love Letters; Duel in the Sun; Love Is a Many-Splendored Thing) Jennifer Jones
78%
4 (Steel Magnolias; Pretty Woman; Erin Brockovich; August: Osage County) Julia Roberts
78%
3 (Mary Poppins; The Sound of Music; Victor/Victoria) Julie Andrews
78%
4 (Misery; Primary Colors; About Schmidt; Richard Jewell) Kathy Bates
78%
2 (I, Tonya; Bombshell) Margot Robbie
78%
3 (Closer; Black Swan; Jackie) Natalie Portman
78%
5 (Moulin Rouge!; The Hours; Rabbit Hole; Lion; Being the Ricardos) Nicole Kidman
78%
4 (Volver; Vicki Cristina Barcelona; Nine; Parallel Mothers) Penélope Cruz
78%
2 (The Blind Side; Gravity) Sandra Bullock
78%
1 (Elmer Gantry) Shirley Jones
78%
1 (One Battle After Another) Teyana Taylor
78%
1 (Pulp Fiction) Uma Thurman
78%
2 (Gone with the Wind; A Streetcar Named Desire) Vivien Leigh
78%
2 (Girl, Interrupted; Changeling) Angelina Jolie
72%
2 (Rachel Getting Married; Les Misérables) Anne Hathaway
72%
5 (The Grifters; American Beauty; Being Julia; The Kids Are All Right; Nyad) Annette Bening
72%
2 (Boys Don't Cry; Million Dollar Baby) Hilary Swank
72%
1 (A Star Is Born) Lady Gaga
72%
1 (Everything Everywhere All at Once) Michelle Yeoh
72%
3 (The Favourite; The Father; The Lost Daughter) Olivia Colman
72%
1 (This Sporting Life) Rachel Roberts
72%
4 (Bridget Jones' Diary; Chicago; Cold Mountain; Judy) Renée Zellweger
72%
3 (Norma Rae; Places in the Heart; Lincoln) Sally Field
72%
3 (Aliens; Gorillas in the Mist; Working Girl) Sigourney Weaver
72%
5 (Atlantic City; Thelma & Louise; Lorenzo's Oil; The Client; Dead Man Walking) Susan Sarandon
72%
1 (The Defiant Ones) Cara Williams
67%
2 (Silkwood; Moonstruck) Cher
67%
1 (Oppenheimer) Emily Blunt
67%
4 (Women in Love; Sunday Bloody Sunday; A Touch of Class; Hedda) Glenda Jackson
67%
8 (The World According to Garp; The Big Chill; The Natural; Fatal Attraction; Dangerous Liaisons; Albert Nobbs; The Wife; Hillbill Elegy) Glenn Close
67%
2 (As Good as It Gets; The Sessions) Helen Hunt
67%
2 (Animal Kingdom; Silver Linings Playbook) Jacki Weaver
67%
1 (Everything Everywhere All at Once) Jamie Lee Curtis
67%
7 (They Shoot Horses, Don't They?; Klute; Julia; Coming Home; The China Syndrome; On Golden Pond; The Morning After) Jane Fonda
67%
3 (The Help; Zero Dark Thirty; The Eyes of Tammy Faye) Jessica Chastain
67%
1 (The Year of Living Dangerously) Linda Hunt
67%
2 (The Sterile Cuckoo; Cabaret) Liza Minnelli
67%
6 (Othello; The Prime of Miss Jean Brodie; Travels with My Aunt; California Suite; A Room with a View; Gosford Park) Maggie Smith
67%
5 (Brokeback Mountain; Blue Valentine; My Week with Marilyn; Manchester by the Sea; The Fabelmans) Michelle Williams
67%
2 (Walk the Line; Wild) Reese Witherspoon
67%
6 (Carrie; Coal Miner's Daughter; Missing; The River; Crimes of the Heart; In the Bedroom) Sissy Spacek
67%
1 (The United States vs. Billie Holiday) Andra Day
61%
5 (The Miracle Worker; The Pumpkin Eater; The Graduate; The Turning Point; Agnes of God) Anne Bancroft
61%
1 (Room) Brie Larson
61%
1 (Lady Sings the Blues) Diana Ross
61%
1 (Pillow Talk) Doris Day
61%
2 (Breaking the Waves; Hilary & Jackie) Emily Watson
61%
4 (Howards End; The Remains of the Day; In the Name of the Father; Sense and Sensibility) Emma Thompson
61%
2 (Cactus Flower; Private Benjamin) Goldie Hawn
61%
2 (The Wings of the Dove; The King's Speech) Helena Bonham Carter
61%
4 (Broadcast News; The Piano; The Firm; Thirteen) Holly Hunter
61%
8 (Mrs Brown; Shakespeare in Love; Chocolat; Iris; Mrs Henderson Presents; Notes on a Scandal; Philomena; Belfast) Judi Dench
61%
1 (The Graduate) Katharine Ross
61%
1 (A Streetcar Named Desire) Kim Hunter
61%
1 (Watch on the Rhine) Lucile Watson
61%
2 (La Vie en Rose; Two Days, One Night) Marion Cotillard
61%
1 (The Color Purple) Oprah Winfrey
61%
2 (The Age of Innocence; Little Women) Winona Ryder
61%
1 (Who Is Harry Kellerman and Why Is He Saying Those Terrible Things About Me?) Barbara Harris
56%
1 (Starting Over) Candice Bergen
56%
1 (Brief Encounter) Celia Johnson
56%
1 (Little Women) Florence Pugh
56%
1 (The Sundowners) Glynis Johns
56%
4 (The Madness of King George; Gosford Park; The Queen; The Last Station) Helen Mirren
56%
7 (For Whom the Bell Tolls; Gaslight; The Bells of St. Mary's; Joan of Arc; Anastasia; Murder on the Orient Express; Autumn Sonata) Ingrid Bergman
56%
1 (The Member of the Wedding) Julie Harris
56%
2 (Pride & Prejudice; The Imitation Game) Keira Knightley
56%
1 (The Exorcist) Linda Blair
56%
2 (Bridesmaids; Can You Ever Forgive Me?) Melissa McCarthy
56%
3 (Dangerous Liasons; The Fabulous Baker Boys; Love Field) Michelle Pfeiffer
56%
1 (Moonlight) Naomie Harris
56%
2 (21 Grams; The Impossible) Naomi Watts
56%
1 (Tom & Viv) Rosemary Harris
56%
1 (Frida) Salma Hayek
56%
4 (Atonement; Brooklyn; Lady Bird; Little Women) Saoirse Ronan
56%
2 (The Dark at the Top of the Stairs; Sweet Bird of Youth) Shirley Knight
56%
5 (Some Came Running; The Apartment; Irma la Douce; The Turning Point; Terms of Endearment) Shirley MacLaine
56%
2 (What's Love Got to Do with It; Black Panther: Wakanda Forever) Angela Bassett
50%
1 (Marty) Betsy Blair
50%
1 (Maria Full of Grace) Catalina Sandino Moreno
50%
2 (Harriet; Wicked) Cynthia Erivo
50%
1 (On the Waterfront) Eva Marie Saint
50%
2 (Mogambo; The Country Girl) Grace Kelly
50%
1 (A Beautiful Mind) Jennifer Connelly
50%
2 (Driving Miss Daisy; Fried Green Tomatoes) Jessica Tandy
50%
2 (A Star Is Born; Judgment at Nuremberg) Judy Garland
50%
4 (Darling; McCabe & Mrs. Miller; Afterglow; Away from Her) Julie Christie
50%
2 (The English Patient; Chocolat) Juliette Binoche
50%
1 (The Mirror Has Two Faces) Lauren Bacall
50%
3 (My Cousin Vinny; In the Bedroom; The Wrestler) Marisa Tomei
50%
1 (The Bad Seed) Nancy Kelly
50%
3 (Rebel Without a Cause; Splendor in the Grass; Love with the Proper Stranger) Natalie Wood
50%
5 (Gone with the Wind; Hold Back the Dawn; To Each His Own; The Snake Pit; The Heiress) Olivia de Havilland
50%
1 (The Sound of Music) Peggy Wood
50%
1 (Chicago) Queen Latifah
50%
1 (West Side Story) Rita Moreno
50%
2 (Blue Jasmine; The Shape of Water) Sally Hawkins
50%
2 (Marriage Story; Jojo Rabbit) Scarlett Johansson
50%
2 (Two Women; Marriage Italian Style) Sophia Loren
50%
1 (Paper Moon) Tatum O'Neal
50%
1 (The Sixth Sense) Toni Collette
50%
1 (Minari) Yuh-jung Youn
50%
1 (Gone Baby Gone) Amy Ryan
44%
3 (Prizzi's Honor; Enemies, A Love Story; The Grifters) Anjelica Huston
44%
1 (Wicked) Ariana Grande
44%
1 (Breaking Away) Barbara Barrie
44%
1 (Swing Shift) Christine Lahti
44%
3 (It Happened One Night; Private Worlds; Since You Went Away) Claudette Colbert
44%
6 (Edward, My Son; From Here to Eternity; The King and I; Heaven Knows, Mr. Allison; Separate Tables; The Sundowners) Deborah Kerr
44%
3 (Hannah and Her Sisters; Parenthood; Bullets Over Broadway) Dianne Wiest
44%
6 (The Last Picture Show; The Exorcist; Alice Doesn't Live Here Anymore; Same Time, Next Year; Resurrection; Requiem for a Dream) Ellen Burstyn
44%
3 (Bonnie and Clyde; Chinatown; Network) Faye Dunaway
44%
1 (Kitty Foyle) Ginger Rogers
44%
1 (Peyton Place) Hope Lange
44%
6 (Frances; Tootsie; Country; Sweet Dreams; Music Box; Blue Sky) Jessica Lange
44%
3 (Mildred Pierce; Possessed; Sudden Fear) Joan Crawford
44%
2 (Educating Rita; Billy Elliot) Julie Walters
44%
1 (Peggy Sue Got Married) Kathleen Turner
44%
1 (L.A. Confidential) Kim Basinger
44%
1 (Peyton Place) Lana Turner
44%
3 (Rambling Rose; Wild; Marriage Story) Laura Dern
44%
1 (One Flew Over the Cuckoo's Nest) Louise Fletcher
44%
2 (Georgy Girl; Gods and Monsters) Lynn Redgrave
44%
1 (Children of a Lesser God) Marlee Matlin
44%
1 (Anora) Mikey Madison
44%
1 (Mighty Aphrodite) Mira Sorvino
44%
3 (The Help; Hidden Figures; The Shape of Water) Octavia Spencer
44%
2 (The Constant Gardener; The Favourite) Rachel Weisz
44%
2 (The Girl with the Dragon Tattoo; Carol) Rooney Mara
44%
4 (A Place in the Sun; The Diary of Anne Frank; A Patch of Blue; The Poseidon Adventure) Shelley Winters
44%
2 (The Godfather Part II; Rocky) Talia Shire
44%
6 (Morgan!; Isadora; Mary, Queen of Scots; Julia; The Bostonians; Howards End) Vanessa Redgrave
44%
1 (Emilia Pérez) Zoe Saldaña
44%
1 (Barbie) America Ferrera
39%
1 (The Piano) Anna Paquin
39%
3 (An Education; Promising Young Woman; Maestro) Carey Mulligan
39%
1 (The Holdovers) Da'Vine Joy Randolph
39%
1 (The Unsinkable Molly Brown) Debbie Reynolds
39%
4 (None But the Lonely Heart; The Spiral Staircase; The Paradine Case; Pinky) Ethel Barrymore
39%
3 (Sadie Thompson; The Trespasser; Sunset Boulevard) Gloria Swanson
39%
7 (Goodbye, Mr. Chips; Blossoms in the Dust; Mrs. Miniver; Madame Curie; Mrs. Parkington; The Valley of Decision; Sunrise at Campobello) Greer Garson
39%
3 (Anna Christie; Camille; Ninotchka) Greta Garbo
39%
2 (The Sin of Madelon Claudet; Airport) Helen Hayes
39%
4 (The Yearling; Johnny Belinda; The Blue Veil; Magnificent Obsession) Jane Wyman
39%
2 (The Lost Daughter; Hamnet) Jessie Buckley
39%
3 (Rebecca; Suspicion; The Constant Nymph) Joan Fontaine
39%
1 (The Power of the Dog) Kirsten Dunst
39%
1 (The English Patient) Kristin Scott Thomas
39%
1 (Killers of the Flower Moon) Lily Gladstone
39%
2 (The Farmer's Daughter; Come to the Stable) Loretta Young
39%
1 (12 Years a Slave) Lupita Nyong'o
39%
1 (Crazy Heart) Maggie Gyllenhaal
39%
1 (Our Town) Martha Scott
39%
1 (Working Girl) Melanie Griffith
39%
1 (Good Will Hunting) Minnie Driver
39%
1 (Moonstruck) Olympia Dukakis
39%
2 (Hud; The Subject Was Roses) Patricia Neal
39%
1 (The Miracle Worker) Patty Duke
39%
1 (Spotlight) Rachel McAdams
39%
3 (The Little Foxes; The Pride of the Yankees; Mrs. Miniver) Teresa Wright
39%
1 (Michael Clayton) Tilda Swinton
39%
1 (Little Miss Sunshine) Abigail Breslin
33%
1 (Love Story) Ali MacGraw
33%
1 (I, Tonya) Allison Janney
33%
2 (Twice in a Lifetime; Weapons) Amy Madigan
33%
3 (Gaslight; The Picture of Dorian Gray; The Manchurian Candidate) Angela Lansbury
33%
1 (Up in the Air) Anna Kendrick
33%
1 (Mogambo) Ava Gardner
33%
1 (Indochine) Catherine Deneuve
33%
1 (The Last Picture Show) Cloris Leachman
33%
1 (The Divine Lady) Corinne Griffith
33%
1 (Unfaithful) Diane Lane
33%
2 (The Bad Seed; Butterflies Are Free) Eileen Heckart
33%
1 (Leaving Las Vegas) Elisabeth Shue
33%
1 (Transamerica) Felicity Huffman
33%
8 (Hondo; Summer and Smoke; Sweet Bird of Youth; You're a Big Boy Now; Pete 'n' Tillie; Interiors; The Pope of Greenwich Village; The Trip to Bountiful) Geraldine Page
33%
1 (True Grit) Hailee Steinfeld
33%
1 (Gone with the Wind) Hattie McDaniel
33%
2 (The Story of Adèle H.; Camille Claudel) Isabelle Adjani
33%
4 (The Three Faces of Eve; Rachel, Rachel; Summer Wishes, Winter Dreams; Mr. and Mrs. Bridge) Joanne Woodward
33%
1 (Harvey) Josephine Hull
33%
1 (Rebecca) Judith Anderson
33%
1 (Nebraska) June Squibb
33%
1 (Five Easy Pieces) Karen Black
33%
1 (Whale Rider) Keisha Castle-Hughes
33%
4 (Detective Story; The Sandlord; Shampoo; Voyage of the Damned) Lee Grant
33%
1 (Phantom Thread) Lesley Manville
33%
2 (The Great Ziegfeld; The Good Earth) Luise Rainer
33%
2 (All the King's Men; Giant) Mercedes McCambridge
33%
1 (Precious) Mo'Nique
33%
1 (Boyhood) Patricia Arquette
33%
1 (Pete Kelly's Blues) Peggy Lee
33%
1 (Sentimental Value) Renate Reinsve
33%
1 (Gone Girl) Rosamund Pike
33%
1 (If I Had Legs I'd Kick You) Rose Byrne
33%
1 (American Gangster) Ruby Dee
33%
2 (Inside Daisy Clover; Rosemary's Baby) Ruth Gordon
33%
1 (Anatomy of a Fall) Sandra Hüller
33%
1 (Everything Everywhere All at Once) Stephanie Hsu
33%
4 (The Magnificent Ambersons; Mrs. Parkington; Johnny Belinda; Hush...Hush, Sweet Charlotte) Agnes Moorehead
28%
2 (My Man Godfrey; In Old Chicago) Alice Brady
28%
1 (The Danish Girl) Alicia Vikander
28%
1 (Mank) Amanda Seyfried
28%
1 (Blonde) Ana de Armas
28%
1 (Fatal Attraction) Anne Archer
28%
2 (Carnal Knowledge; Tommy) Ann-Margret
28%
1 (West Side Story) Ariana DeBose
28%
4 (Stella Dallas; Ball of Fire; Double Indemnity; Sorry, Wrong Number) Barbara Stanwyck
28%
1 (Guess Who's Coming to Dinner) Beah Richards
28%
2 (Secrets & Lies; Little Voice) Brenda Blethyn
28%
1 (My Left Foot) Brenda Fricker
28%
1 (Baby Doll) Carroll Baker
28%
1 (45 Years) Charlotte Rampling
28%
3 (An Officer and a Gentleman; Terms of Endearment; Shadowlands) Debra Winger
28%
3 (Alice Doesn't Live Here Anymore; Wild at Heart; Rambling Rose) Diane Ladd
28%
1 (From Here to Eternity) Donna Reed
28%
1 (Carmen Jones) Dorothy Dandridge
28%
3 (Tom Jones; The Chalk Garden; The Whisperers) Edith Evans
28%
1 (Private Benjamin) Eileen Brennan
28%
1 (Sentimental Value) Elle Fanning
28%
2 (Bonnie and Clyde; Rachel, Rachel) Estelle Parsons
28%
1 (I'm Still Here) Fernanda Torres
28%
1 (Precious) Gabourey Sidibe
28%
3 (Now, Voyager; The Song of Bernadette; My Fair Lady) Gladys Cooper
28%
1 (Titanic) Gloria Stuart
28%
1 (Conclave) Isabella Rossellini
28%
1 (Elle) Isabelle Huppert
28%
4 (The Great White Hope; All the President's Men; Kramer vs. Kramer; Testament) Jane Alexander
28%
3 (Nixon; The Crucible; The Contender) Joan Allen
28%
2 (Working Girl; In & Out) Joan Cusack
28%
1 (Cape Fear) Juliette Lewis
28%
1 (The Banshees of Inisherin) Kerry Condon
28%
1 (Spencer) Kristen Stewart
28%
1 (Lady Bird) Laurie Metcalf
28%
2 (The Emigrants; Face to Face) Liv Ullmann
28%
1 (The V.I.P.s) Margaret Rutherford
28%
1 (Manhattan) Mariel Hemingway
28%
1 (Morocco) Marlene Dietrich
28%
4 (Cinderella Liberty; The Goodbye Girl; Chapter Two; Only When I Laugh) Marsha Mason
28%
1 (Mudbound) Mary J. Blige
28%
1 (Coquette) Mary Pickford
28%
1 (Melvin and Howard) Mary Steenburgen
28%
4 (Lonelyhearts; Airport; Interiors; Reds) Maureen Stapleton
28%
1 (The Fisher King) Mercedes Ruehl
28%
2 (Damage; Tom & Viv) Miranda Richardson
28%
6 (The Divorcee; Their Own Desire; A Free Soul; The Barretts of Wimpole Street; Romeo and Juliet; Marie Antoinette) Norma Shearer
28%
1 (Shirley Valentine) Pauline Collins
28%
1 (If Beale Street Could Talk) Regina King
28%
1 (M*A*S*H) Sally Kellerman
28%
2 (Sweet and Lowdown; In America) Samantha Morton
28%
1 (Ryan's Daughter) Sarah Miles
28%
2 (Room at the Top; Ship of Fools) Simone Signoret
28%
5 (Smash-Up, the Story of a Woman; My Foolish Heart; With a Song in My Heart; I'll Cry Tomorrow; I Want to Live!) Susan Hayward
28%
2 (Midnight Cowboy; Farewell, My Lovely) Sylvia Miles
28%
1 (The Curious Case of Benjamin Button) Taraji P. Henson
28%
6 (All About Eve; The Mating Season; With a Song in My Heart; Pickup on South Street; Pillow Talk; Birdman of Alcatraz) Thelma Ritter
28%
1 (Pieces of a Woman) Vanessa Kirby
28%
1 (Up in the Air) Vera Farmiga
28%
1 (Sideways) Virginia Madsen
28%
1 (Cross Creek) Alfre Woodard
22%
1 (To Leslie) Andrea Riseborough
22%
2 (The Rose Tattoo; Wild Is the Wind) Anna Magnani
22%
2 (The Razor's Edge; All About Eve) Anne Baxter
22%
1 (The Whales of August) Ann Sothern
22%
1 (A Man and a Woman) Anouk Aimée
22%
1 (Network) Beatrice Straight
22%
2 (The Rose; For the Boys) Bette Midler
22%
1 (American Graffiti) Candy Clark
22%
1 (Thoroughly Modern Millie) Carol Channing
22%
2 (Being John Malkovich; Capote) Catherine Keener
22%
1 (Raging Bull) Cathy Moriarty
22%
3 (Gentleman's Agreement; Come to the Stable; All About Eve) Celeste Holm
22%
1 (Boys Don't Cry) Chloë Sevigny
22%
1 (The Color Purple) Danielle Brooks
22%
1 (Written on the Wind) Dorothy Malone
22%
2 (Bob & Carol & Ted & Alice; Heaven Can Wait) Dyan Cannon
22%
3 (Caged; Detective Story; Interrupted Melody) Eleanor Parker
22%
2 (Come to the Stable; Witness of the Prosecution) Elsa Lanchester
22%
3 (White Banners; Jezebel; The Children's Hour) Fay Bainter
22%
2 (Anthony Adverse; Anna and the King of Siam) Gale Sondergaard
22%
2 (A Woman Under the Influence; Gloria) Gena Rowlands
22%
1 (Anne of a Thousand Days) Geneviève Bujold
22%
2 (Crossfire; The Bad and the Beautiful) Gloria Grahame
22%
1 (The Night of the Iguana) Grayson Hall
22%
1 (The Whale) Hong Chau
22%
1 (Vera Drake) Imelda Staunton
22%
5 (Cimarron; Theodora Goes Wild; The Awful Truth; Love Affair; I Remember Mama) Irene Dunne
22%
1 (The Grapes of Wrath) Jane Darwell
22%
2 (Tumbleweeds; Albert Nobbs) Janet McTeer
22%
2 (Hamlet; The Happy Ending) Jean Simmons
22%
1 (Enchanted April) Joan Plowright
22%
1 (East of Eden) Jo Van Fleet
22%
1 (Born Yesterday) Judy Holliday
22%
1 (Emilia Pérez) Karla Sofía Gascón
22%
1 (Apollo 13) Kathleen Quinlan
22%
1 (Broken Lance) Katy Jurado
22%
2 (Séance on a Wet Afternoon; Frances) Kim Stanley
22%
3 (You Can Count on Me; Kinsey; The Savages) Laura Linney
22%
1 (Days of Wine and Roses) Lee Remick
22%
1 (The Turning Point) Leslie Browne
22%
1 (Zorba the Greek) Lila Kedrova
22%
1 (Duel in the Sun) Lillian Gish
22%
1 (Nashville) Lily Tomlin
22%
1 (Goodfellas) Lorraine Bracco
22%
2 (Paper Moon; Blazing Saddles) Madeline Kahn
22%
2 (Pollock; Mystic River) Marcia Gay Harden
22%
1 (The Color Purple) Margaret Avery
22%
2 (Min and Bill; Emma) Marie Dressler
22%
1 (The Great Lie) Mary Astor
22%
2 (Frozen River; The Fighter) Melissa Leo
22%
1 (Sayonara) Miyoshi Umeki
22%
1 (The Bad Seed) Patty McCormack
22%
3 (The Hustler; Carrie; Children of a Lesser God) Piper Laurie
22%
1 (Beasts of the Southern Wild) Quvenzhané Wallis
22%
1 (Hilary and Jackie) Rachel Griffiths
22%
4 (My Sister Eileen; Sister Kenny; Mourning Becomes Electra; Auntie Mame) Rosalind Russell
22%
1 (Fearless) Rosie Perez
22%
1 (Who's Afraid of Virginia Woolf?) Sandy Dennis
22%
1 (Come Back, Little Sheba) Shirley Booth
22%
1 (House of Sand and Fog) Shohreh Aghdashloo
22%
1 (Hotel Rwanda) Sophie Okonedo
22%
1 (Six Degrees of Separation) Stockard Channing
22%
1 (Crimes of the Heart) Tess Harper
22%
3 (Pygmalion; Separate Tables; A Man for All Seasons) Wendy Hiller
22%
1 (Roma) Yalitza Aparicio
22%
1 (Mildred Pierce) Ann Blyth
17%
3 (The Song of Bernadette; National Velvet; Gentleman's Agreement) Anne Revere
17%
1 (The Portrait of a Lady) Barbara Hershey
17%
1 (The Artist) Bérénice Bejo
17%
2 (The Gorgeous Hussy; Of Human Hearts) Beulah Bondi
17%
1 (My Man Godfrey) Carole Lombard
17%
1 (Hester Street) Carol Kane
17%
1 (Diary of a Mad Housewife) Carrie Snodgress
17%
3 (Dead End; Key Largo; The High and the Mighty) Claire Trevor
17%
1 (Claudine) Diahann Carroll
17%
1 (Inside Moves) Diana Scarwid
17%
1 (Amour) Emmanuelle Riva
17%
1 (Pinky) Ethel Waters
17%
1 (Central Station) Fernanda Montenegro
17%
1 (Caged) Hope Emerson
17%
1 (Sentimental Value) Inga Ibsdotter Lilleaas
17%
4 (7th Heaven; Street Angel; Sunrise; A Star Is Born) Janet Gaynor
17%
1 (Singin' in the Rain) Jean Hagen
17%
1 (Bullets Over Broadway) Jennifer Tilly
17%
1 (The Prince of Tides) Kate Nelligan
17%
1 (For Whom the Bell Tolls) Katina Paxinou
17%
1 (Victor/Victoria) Lesley Ann Warren
17%
2 (Lili; The L-Shaped Room) Leslie Caron
17%
1 (The Moon Is Blue) Maggie McNamara
17%
1 (Borat Subsequent Moviefilm) Maria Bakalova
17%
1 (To Kill a Mockingbird) Mary Badham
17%
1 (The Color of Money) Mary Elizabeth Mastrantonio
17%
2 (Dances with Wolves; Passion Fish) Mary McDonnell
17%
1 (Agnes of God) Meg Tilly
17%
2 (Close Encounters of the Third Kind; Absence of Malice) Melinda Dillon
17%
1 (Beck Sharp) Miriam Hopkins
17%
1 (A Complete Unknown) Monica Barbaro
17%
1 (The Devil's Holiday) Nancy Carroll
17%
1 (Sunset Boulevard) Nancy Olson
17%
1 (Gaby: A True Story) Norma Aleandro
17%
1 (Pieces of April) Patricia Clarkson
17%
1 (A Passage to India) Peggy Ashcroft
17%
1 (Nashville) Ronee Blakley
17%
1 (Loving) Ruth Negga
17%
1 (Anna) Sally Kirkland
17%
1 (The Collector) Samantha Eggar
17%
1 (The Heart Is a Lonely Hunter) Sondra Locke
17%
1 (They Shoot Horses, Don't They?) Susannah York
17%
1 (Tootsie) Teri Garr
17%
1 (Looking for Mr. Goodbar) Tuesday Weld
17%
1 (Sinners) Wunmi Mosaku
17%
1 (Babel) Adriana Barraza
11%
1 (Throw Momma from the Train) Anne Ramsey
11%
1 (Stella Dallas) Anne Shirley
11%
1 (All This, and Heaven Too) Barbara O'Neil
11%
1 (The Broadway Melody) Bessie Love
11%
1 (Merrily We Live) Billie Burke
11%
1 (Jacqueline Susann's Once Is Not Enough) Brenda Vaccaro
11%
1 (Last Summer) Catherine Burns
11%
1 (Sounder) Cicely Tyson
11%
1 (Tom Jones) Diane Cilento
11%
1 (Peyton Place) Diane Varsi
11%
1 (Gentleman's Agreement) Dorothy McGuire
11%
1 (Drums Along the Mohawk) Edna May Oliver
11%
1 (Escape Me Never) Elisabeth Bergner
11%
1 (Ragtime) Elizabeth McGovern
11%
1 (Mildred Pierce) Eve Arden
11%
1 (Saratoga Trunk) Flora Robson
11%
1 (Leave Her to Heaven) Gene Tierney
11%
1 (Room at the Top) Hermione Baddeley
11%
1 (The Shop on Main Street) Ida Kamińska
11%
1 (Nicholas & Alexandra) Janet Suzman
11%
1 (The High and the Mighty) Jan Sterling
11%
1 (The More the Merrier) Jean Arthur
11%
1 (Pinky) Jeanne Crain
11%
1 (The Heartbreak Kid) Jeannie Berlin
11%
2 (An Unmarried Woman; Starting Over) Jill Clayburgh
11%
1 (Only When I Laugh) Joan Hackett
11%
1 (Hawaii) Jocelyn LaGarde
11%
2 (Tom Jones; Othello) Joyce Redman
11%
1 (Enemies, a Love Story) Lena Olin
11%
1 (Places in the Heart) Lindsay Crouse
11%
1 (A Ship Comes In) Louise Dresser
11%
1 (Faces) Lynn Carlin
11%
1 (Georgia) Mare Winningham
11%
1 (The Go-Between) Margaret Leighton
11%
1 (Secrets & Lies) Marianne Jean-Baptiste
11%
2 (Dodsworth; Love Affair) Maria Ouspenskaya
11%
1 (Cousin Cousine) Marie-Christine Barrault
11%
1 (Roma) Marina de Tavira
11%
1 (The Egg and I) Marjorie Main
11%
1 (Lady for a Day) May Robson
11%
1 (Never on Sunday) Melina Mercouri
11%
1 (The Dark Angel) Merle Oberon
11%
2 (Death of a Salesman; Baby Doll) Mildred Dunnock
11%
1 (The Little Foxes) Patricia Collinge
11%
1 (So Proudly We Hail!) Paulette Goddard
11%
1 (Auntie Mame) Peggy Cass
11%
1 (Coming Home) Penelope Milford
11%
1 (The Goodbye Girl) Quinn Cummings
11%
1 (Babel) Rinko Kikuchi
11%
1 (The Philadelphia Story) Ruth Hussey
11%
1 (Fat City) Susan Tyrrell
11%
1 (Summer Wishes, Winter Dreams) Sylvia Sidney
11%
1 (Day for Night) Valentina Cortese
11%
1 (Lenny) Valerie Perrine
11%
1 (Alfie) Vivien Merchant
11%
1 (Dragon Seed) Aline MacMahon
6%
1 (Yentl) Amy Irving
6%
1 (Stage Door) Andrea Leeds
6%
1 (Holiday) Ann Harding
6%
1 (I Remember Mama) Barbara Bel Geddes
6%
1 (These Three) Bonita Granville
6%
1 (Moulin Rouge) Colette Marchand
6%
1 (Cavalcade) Diana Wynyard
6%
1 (A Patch of Blue) Elizabeth Hartman
6%
1 (I Remember Mama) Ellen Corby
6%
1 (Resurrection) Eva Le Gallienne
6%
1 (Valiant is the Word for Carrie) Gladys George
6%
1 (The Letter) Jeanne Eagels
6%
1 (The Corn Is Green) Joan Lorring
6%
1 (Funny Girl) Kay Medford
6%
1 (Lilies of the Field) Lilia Skala
6%
1 (The Roman Spring of Mrs. Stone) Lotte Lenya
6%
1 (The Guardsman) Lynn Fontanne
6%
1 (Three Comrades) Margaret Sullavan
6%
1 (Sergeant York) Margaret Wycherly
6%
1 (The Rose Tattoo) Marisa Pavan
6%
2 (Primrose Path; Torch Song) Marjorie Rambeau
6%
1 (Sons and Lovers) Mary Ure
6%
2 (Night Must Fall; Mrs. Miniver) May Whitty
6%
1 (Barefoot in the Park) Mildred Natwick
6%
1 (The Great Waltz) Miliza Korjus
6%
1 (Executive Suite) Nina Foch
6%
1 (How Green Was My Valley) Sarah Allgood
6%
1 (You Can't Take It with You) Spring Byington
6%
1 (Imitation of Life) Susan Kohner
6%
1 (Random Harvest) Susan Peters
6%
1 (The Barker) Betty Compson
0%
1 (Wuthering Heights) Geraldine Fitzgerald
0%
1 (The Blue Veil) Joan Blondell
0%
1 (Some Came Running) Martha Hyer
0%
2 (Madame X; Sarah and Son) Ruth Chatterton
0%
1 (Summer and Smoke) Una Merkel
0%
No matching quizzes found
Score Distribution
Percent of People with Each Score
Percentile by Number Answered
Your Score History
You have not taken this quiz since the last reset